Superbowl MVPs Since 2000 - Statistics

General Stats
  • This quiz has been taken 899 times
  • The average score is 13 of 16
Answer Stats
Year Team Position Answer % Correct
2014-15 Patriots Quarterback Tom Brady
100%
2003-04 Patriots Quarterback Tom Brady
100%
2001-02 Patriots Quarterback Tom Brady
100%
2011-12 Giants Quarterback Eli Manning
99%
2007-08 Giants Quarterback Eli Manning
99%
2006-07 Colts Quarterback Peyton Manning
99%
2009-10 Saints Quarterback Drew Brees
97%
2010-11 Packers Quarterback Aaron Rodgers
96%
2012-13 Ravens Quarterback Joe Flacco
94%
2015-16 Broncos Linebacker Von Miller
93%
2000-01 Ravens Linebacker Ray Lewis
89%
2005-06 Steelers Wide Reciever Hines Ward
66%
2008-09 Steelers Wide Reciever Santonio Holmes
63%
2013-14 Seahawks Linebacker Malcom Smith
44%
2004-05 Patriots Wide Reciever Deion Branch
38%
2002-03 Bucs Safety Dexter Jackson
24%
No matching quizzes found
Score Distribution
Percent of People with Each Score
Percentile by Number Answered
Your Score History
You have not taken this quiz